Kentsel dönüşüm ve insan hakları (Record no. 9764)

MARC details
000 -BAŞLIK
Sabit Uzunlukta Kontrol Alanı 00844na a2200277 4500
001 - KONTROL NUMARASI
Denetim Alanı 14658
003 - KONTROL NUMARASI IDENTIFIER
Denetim Alanı MIRAKIL
005 - SON İŞLEM TARİHİ VE ZAMANI
Denetim Alanı 20181213155256.0
008 - SABİT-BOY VERİ ELEMANLARI - GENEL BİLGİLER
Sabit Uzunlukta Kontrol Alanı 161025b tu 000 0
020 ## - ULUSLARARASI STANDART KİTAP NUMARASI
Uluslararası Standart Kitap Numarası 9786053992745
035 ## - SİSTEM KONTROL NUMARASI
Sistem Kontrol Numarası 14658
040 ## - KATALOGLAMA KAYNAK
Orijinal Kataloglama Ajansı Milas
Kataloglama Dili tur
Metne Dönüştürmek Ajansı TR-AnCHP
041 ## - DİL KODU
Metin / Ses Parça Veya Ayrı Başlığın Dil Kodu tur
082 ## - DEWEY ONLU SINIFLANDIRMA NUMARASI
Sınıflandırma Numarası 307.1216
Ürün Numarası K35 2013
090 ## - SINIFLAMA NUMARASI
Sınıflama Numarası 307.1216 K35 2013
245 ## - BAŞLIK TABLOSU
Başlık Kentsel dönüşüm ve insan hakları
Sorumluluk Tablosu, Vb Senem Zeybekoğlu Sadri...[ve öte.]
260 ## - YAYIN, DAĞITIM, VB
Yayın, Dağıtım, Vb Yeri İstanbul
Yayıncı, Dağıtıcı, Vs Adı İstanbul Bilgi Üniversitesi Yayınları
Yayın, Dağıtım, Vb Tarihi 2013
300 ## - FİZİKSEL TANIM
Kapsam xv, 196 s.
Boyutlar 24 sm.
490 ## - SERİSİ TABLOSU
Seri Beyanı İstanbul Bilgi Üniversitesi yayınları
Hacim / Ardışık Tanımı 415
490 ## - SERİSİ TABLOSU
Seri Beyanı İnsan Hakları Hukuku Çalışmaları
Hacim / Ardışık Tanımı 16
500 ## - GENEL NOT
Genel Not Dizin var
650 ## - KONU KATMA GİRİŞ - TOPİKAL DÖNEM
Topikal Süreli Veya Coğrafi Ad Giriş Elemanı Kent planlama
Coğrafi Alt Bölümü Türkiye
650 ## - KONU KATMA GİRİŞ - TOPİKAL DÖNEM
Topikal Süreli Veya Coğrafi Ad Giriş Elemanı Kentsel dönüşüm
700 ## - KATMA GİRİŞ - KİŞİSEL İSİM
Kişisel Ad Sadri, Senem Zeybekoğlu
942 ## - EKLENDİ GİRİŞ ELEMANLARI (KOHA)
Sınıflandırma Veya Raf Düzeni Kaynak Dewey Decimal Classification
Koha Öğesi Türü Books
999 ## - SİSTEM KONTROL NUMARALARI (KOHA)
Koha Biblionumber 9764
Koha Biblioitemnumber 9764
Holdings
Kalıcı Konum Mevcut Konum Edinme Tarihi Edinim Kaynak Toplam Check-Out'Lar Tam Çağrı Numarası Barkod Tarih Son Görülme İtibaren Geçerli Fiyatlar Koha Öğesi Türü
CHP Kütüphanesi CHP Kütüphanesi 08/30/2016 Bağış   307.1216 K35 2013 001466 08/30/2016 08/30/2016 Books